Why Each Total Drama Island Camper Was Eliminated - Statistics

General Stats
  • This quiz has been taken 143 times
  • The average score is 8 of 24
Answer Stats
Camper Reason For Elimination % Correct
Ezekiel Sexist Comments
85%
Eva Anger Issues
78%
Eva (Again) Anger Issues (Again)
68%
Trent Gossip (And Heather)
51%
Lindsay Chris' Stupid Rules (And Partly Heather)
48%
Courtney Harold
48%
DJ Too Scared
48%
Justin Heather
47%
Cody Injured
39%
Tyler Didn't Face His Fear
38%
Beth Cursed
35%
Duncan Chef's Petty Bias
33%
Gwen Past Campers Cheating By Luring Owen
28%
Sadie Courtney
27%
Noah Lack Of Participation And Sarcasm
27%
Heather Gwen And Owen (And Lindsay's Accidental Revenge)
20%
Bridgette Smelled Horrible
18%
LeShawna Producers Finding A Way To Get Her Eliminated
12%
Izzy (Again) Dangerous With A Dart Gun
11%
Katie Got Lost In The Woods
7%
Harold Karma (Let Go Of The Rope In Distraction)
4%
Izzy Hunted Down
2%
Geoff Being Too Nice
1%
Owen He Wasn't (He Won)
1%
No matching quizzes found
Score Distribution
Percent of People with Each Score
Percentile by Number Answered
Your Score History
You have not taken this quiz